Memorias del congreso ponencial de las áreas, celebradas del 2-4 de Diciembre de 1992: Calidad e innovación en la educación (Registro nro. 1614)
[ vista simple ]
| 000 -LEADER | |
|---|---|
| fixed length control field | 00528nam a22001811a 4500 |
| 001 - CONTROL NUMBER | |
| control field | 1614 |
| 003 - CONTROL NUMBER IDENTIFIER | |
| control field | OSt |
| 005 - DATE AND TIME OF LATEST TRANSACTION | |
| control field | 20260204211740.0 |
| 008 - FIXED-LENGTH DATA ELEMENTS--GENERAL INFORMATION | |
| fixed length control field | 040120s1993||||dr ||||||b||||||||||spa|| |
| 050 ## - LIBRARY OF CONGRESS CALL NUMBER | |
| Classification number | RD 153.12 R299m |
| 082 ## - DEWEY DECIMAL CLASSIFICATION NUMBER | |
| Classification number | RD 153.12 R299m |
| 111 ## - ASIENTO PRINCIPAL -- NOMBRE DE LA REUNIÓN | |
| Meeting name or jurisdiction name as entry element | República Dominicana |
| 245 ## - TÍTULO PROPIAMENTE DICHO: SUBTÍTULO | |
| Title | Memorias del congreso ponencial de las áreas, celebradas del 2-4 de Diciembre de 1992: Calidad e innovación en la educación |
| 264 ## - PRODUCTION, PUBLICATION, DISTRIBUTION, MANUFACTURE, AND COPYRIGHT NOTICE | |
| Place of production, publication, distribution, manufacture | Santo Domingo : Taller |
| 300 ## - PHYSICAL DESCRIPTION | |
| Extensión | 534 p. |
| 650 ## - ASIENTO SECUNDARIO DE MATERIA -- TERMINO TEMÁTICO | |
| Termino Temático Como Elemento de Entrada | 1.MemoriasÌ |
| 942 ## - ADDED ENTRY ELEMENTS (KOHA) | |
| Source of classification or shelving scheme | Dewey Decimal Classification |
| Koha item type | Libros |
| Withdrawn status | Lost status | Source of classification or shelving scheme | Damaged status | Not for loan | Current library | Date acquired | Total Checkouts | Full call number | Barcode | Date last seen | Price effective from | Koha item type |
|---|---|---|---|---|---|---|---|---|---|---|---|---|
| Dewey Decimal Classification | Biblioteca UTECO | 09/09/2019 | RD 153.12 R299M | 000463 | 09/09/2019 | 09/09/2019 | Libros | |||||
| Dewey Decimal Classification | Biblioteca UTECO | 09/09/2019 | RD 153.12 R299M | 000464 | 09/09/2019 | 09/09/2019 | Libros |
